• 首页
  • 本馆介绍
  • 公告通知
  • 最新文献
  • 馆藏检索
  • 电子资源
  • 读者导购
  • 参考咨询
  • 我的图书馆
  • 登录
  • 详细信息显示
  • 放入我的书架
  • 预约/预借图书
  • 作者相关作品
  • 分类相关作品
  • 丛书相关作品
  • 出版社相关作品

书目信息

  • 表格格式
  • 工作单格式
  • 卡片格式
题名:
表面活性剂新应用
    
 
作者: 王军 主编
分册:  
出版信息: 北京   化学工业出版社  2009
页数: 268页
开本: 24cm
丛书名:
单 册:
中图分类: TQ423.9
科图分类:
主题词: 表面活性剂--应用 , 表面活性剂
电子资源:
ISBN: 978-7-122-06011-2
000 00944nam0 2200253 45
001 1033062750
005 20100407100609.04
010    @a978-7-122-06011-2@dCNY45.00
100    @a20100401d2009 em y0chiy50 ea
101 0  @achi
102    @aCN@b110000
105    @aa z 000yy
106    @ar
200 1  @a表面活性剂新应用@ABiao Mian Huo Xing Ji Xin Ying Yong@dNew applications of surfactants@f王军主编@FWang Jun Zhu Bian@zeng
210    @a北京@c化学工业出版社@d2009
215    @a268页@c图@d24cm
330    @a本书在介绍了表面活性剂基本性能的基础上,重点介绍了表面活性剂在高新技术领域,如电子信息、生物工程和医药、新材料、农业及农用化学品、能源和高效节能、环境保护等技术领域的应用情况。
510 1  @aNew applications of surfactants@zeng
606 0  @a表面活性剂@x应用
606 0  @a表面活性剂
690    @aTQ423.9@v4
701  0 @a王军@AWang Jun@f1961.8~)@4主编
801  0 @aCN@bTANGWEI@c20100407
905    @b0587994-98@dTQ423.9@e25@f5
    
    表面活性剂新应用=New applications of surfactants/王军主编.-北京:化学工业出版社,2009
    268页:图;24cm
    
    
    ISBN 978-7-122-06011-2:CNY45.00
    本书在介绍了表面活性剂基本性能的基础上,重点介绍了表面活性剂在高新技术领域,如电子信息、生物工程和医药、新材料、农业及农用化学品、能源和高效节能、环境保护等技术领域的应用情况。
●
相关链接 在E读中查询图书 在五车中查询图书 在当当中查询图书 在豆瓣中查询图书


正题名:表面活性剂新应用     索取号:TQ423.9/25         预约/预借

序号 登录号 条形码 馆藏地/架位号 状态 备注
1 0587994   205879940   第二样本阅览室/ [索取号:TQ423.9/25] 在馆    
2 0587995   205879959   第三借阅区/ [索取号:TQ423.9/25] 在馆    
3 0587996   205879968   第三借阅区/ [索取号:TQ423.9/25] 在馆    
4 0587997   205879977   第三借阅区/ [索取号:TQ423.9/25] 在馆    
5 0587998   205879986   第三借阅区/ [索取号:TQ423.9/25] 在馆    
唐山师范学院图书馆 欢迎您!
大连网信软件有限公司© 版权所有